000 00607nam a2200145Ia 4500
008 170221s9999 xx 000 0 und d
100 _aValentina Kalinicheva
245 _aFeatures Logistics Customs Warehouses in the Integration of the World Economy and the Globalization of Business
245 _cValentina Kalinicheva, Sergey Dmitriev, Mikhail Drigo, Natalia Kazimirova, Alla Nikitina, Inna Igolnikova
260 _bInternational Review of Management and Marketing
260 _c2012
300 _a1 : 5
650 _xMarketing.
856 _uhttp://www.econjournals.com/index.php/irmm/issue/view/70
999 _c313949
_d313949